[Event "23.Schlosspark-Open"]
[Site "Wiesbaden"]
[Date "2011.08.28"]
[Round "7.31"]
[White "Steimbach, Isabel"]
[Black "Glinzer, Christoph"]
[Result "0-1"]
[WhiteElo "1561"]
[BlackElo "2058"]
[PlyCount "102"]
[EventDate "2011.??.??"]
[WhiteTeam "OSG Baden-Baden"]
[BlackTeam "SC Alzenau"]

1. e4 c5 2. c3 e6 3. d4 cxd4 4. cxd4 d5 5. exd5 exd5 6. Nf3 Nc6 7. Nc3 Nf6 8.
Be2 Ne4 9. O-O Be7 10. Qb3 Nxc3 11. bxc3 O-O 12. Bf4 b6 13. Rfe1 Be6 14. Bd3
Rc8 15. Qb1 Na5 16. Bxh7+ Kh8 17. Bf5 Bxf5 18. Qxf5 Bf6 19. Ng5 Bxg5 20. Bxg5
f6 21. Qh3+ Kg8 22. Qe6+ Rf7 23. Bd2 Nc4 24. Bf4 Qd7 25. Qxd7 Rxd7 26. Re6 Kf7
27. Rae1 Ne5 28. Rxf6+ gxf6 29. dxe5 Re7 30. h4 Rxc3 31. h5 Rc4 32. g3 Rc8 33.
g4 Rc4 34. Bg3 Rxg4 35. Kf1 Rg5 36. h6 Rh5 37. f4 Rh1+ 38. Kf2 Rxe1 39. Kxe1
fxe5 40. fxe5 Kg6 41. Kd2 Kxh6 42. Kd3 Rg7 43. Bf4+ Kg6 44. Kd4 Kf5 45. Be3 Ke6
46. Bf4 Rg4 47. Ke3 Kf5 48. Bh2 Re4+ 49. Kd3 Rxe5 50. Kd4 Re2 51. Bb8 Rd2+ 0-1

[Event "23.Schlosspark-Open"]
[Site "Wiesbaden"]
[Date "2011.08.28"]
[Round "7.32"]
[White "Matzies, Alexander"]
[Black "Werner, Dimo"]
[Result "1/2-1/2"]
[WhiteElo "1982"]
[BlackElo "2237"]
[PlyCount "65"]
[EventDate "2011.??.??"]
[WhiteTeam "Sfr.1932 Kelkheim"]
[BlackTeam "Vorw.Orient Mainz"]

1. d4 Nf6 2. c4 e6 3. Nf3 c5 4. Nc3 d5 5. cxd5 Nxd5 6. e4 Nxc3 7. bxc3 Be7 8.
Bd3 cxd4 9. cxd4 O-O 10. O-O Nd7 11. Qe2 b6 12. Rd1 Bb7 13. e5 Re8 14. Nd2 a6
15. a4 Nf8 16. Qe3 Rc8 17. Ba3 Ng6 18. Bxe7 Rxe7 19. Ne4 Bxe4 20. Qxe4 a5 21.
h4 Rd7 22. Bb5 Rd5 23. h5 Ne7 24. Ba6 Rc7 25. Rab1 Rcd7 26. Bd3 Nf5 27. Be2
Rxd4 28. Rxd4 Rxd4 29. Qc6 Rb4 30. Rd1 Rd4 31. Rb1 Rb4 32. Rd1 Rd4 33. Rb1
1/2-1/2

[Event "23.Schlosspark-Open"]
[Site "Wiesbaden"]
[Date "2011.08.28"]
[Round "7.33"]
[White "Pioch, Thomas"]
[Black "Faqiry, Ramat"]
[Result "1/2-1/2"]
[WhiteElo "2216"]
[BlackElo "1977"]
[PlyCount "40"]
[EventDate "2011.??.??"]
[WhiteTeam "Sfr.Mainz 1928"]
[BlackTeam "SK Bad Homburg 1927"]

1. e4 c5 2. Nf3 Nc6 3. d4 cxd4 4. Nxd4 Qb6 5. Nb3 Nf6 6. Nc3 e6 7. a3 Be7 8.
Be3 Qc7 9. f4 d6 10. Be2 O-O 11. Bf3 a6 12. O-O Rb8 13. a4 b6 14. g4 Nd7 15. g5
Nc5 16. Bg2 b5 17. axb5 axb5 18. Nxc5 dxc5 19. e5 Rd8 20. Qh5 Nd4 1/2-1/2

[Event "23.Schlosspark-Open"]
[Site "Wiesbaden"]
[Date "2011.08.28"]
[Round "7.34"]
[White "Kuhn, Andreas"]
[Black "Beulertz, Stefan"]
[Result "1-0"]
[WhiteElo "2162"]
[BlackElo "1897"]
[PlyCount "119"]
[EventDate "2011.??.??"]
[WhiteTeam "Wiesbadener SV 1885"]
[BlackTeam "Malta Chess Federation"]

1. d4 f5 2. Nf3 Nf6 3. g3 d6 4. Bg2 g6 5. O-O Bg7 6. c4 O-O 7. d5 c6 8. Nc3 e5
9. dxe6 Bxe6 10. Bf4 Bxc4 11. Bxd6 Re8 12. Rc1 h6 13. Ne5 Bd5 14. Bxb8 Bxg2 15.
Kxg2 Rxb8 16. Nxg6 Qa5 17. Nf4 Re7 18. Qb3+ Kh7 19. Rfd1 Rbe8 20. e3 Qe5 21.
Nd3 Qa5 22. h3 a6 23. Qa4 Qxa4 24. Nxa4 Nd5 25. Re1 Rd8 26. Rcd1 b6 27. Kf3
Red7 28. Ke2 Re7 29. Nf4 Nxf4+ 30. gxf4 Rxd1 31. Rxd1 b5 32. Nc3 Re6 33. Rd7 a5
34. Kd3 Kg6 35. Kc2 a4 36. b3 axb3+ 37. axb3 Bf6 38. Rd1 Bh4 39. Rg1+ Kf7 40.
Rg2 Bf6 41. Rg1 Bh4 42. Rg2 Bf6 43. b4 Re8 44. Ne2 Re4 45. Ng3 Rc4+ 46. Kd3 Ke6
47. Nh5 Kf7 48. Ng3 Ke6 49. Nh5 Kf7 50. Nxf6 Kxf6 51. f3 c5 52. bxc5 Rxc5 53.
Rb2 Ke6 54. e4 fxe4+ 55. fxe4 Rh5 56. Kd4 Rh4 57. Rxb5 Kf7 58. f5 Rxh3 59. e5
Rh1 60. Rb7+ 1-0

[Event "23.Schlosspark-Open"]
[Site "Wiesbaden"]
[Date "2011.08.28"]
[Round "7.35"]
[White "Dittmar, Thomas"]
[Black "Ruppert, Wolfgang"]
[Result "1/2-1/2"]
[WhiteElo "1952"]
[BlackElo "2155"]
[PlyCount "41"]
[EventDate "2011.??.??"]
[WhiteTeam "SF Fürth 1951 e.V."]
[BlackTeam "SC Flörsheim 1921"]

1. d4 f5 2. h3 Nf6 3. g4 d5 4. g5 Ne4 5. Bf4 e6 6. Nf3 c5 7. e3 Nc6 8. c3 Bd6
9. Bxd6 Qxd6 10. Nbd2 O-O 11. Bb5 Bd7 12. Bxc6 Bxc6 13. Rg1 f4 14. Nxe4 dxe4
15. Ne5 Rad8 16. g6 hxg6 17. Qg4 cxd4 18. exd4 Be8 19. Nxg6 Bxg6 20. Qxg6 Rf7
21. Qxe4 1/2-1/2

[Event "23.Schlosspark-Open"]
[Site "Wiesbaden"]
[Date "2011.08.28"]
[Round "7.36"]
[White "Hipler, Andreas"]
[Black "Eck, Mathias"]
[Result "1/2-1/2"]
[WhiteElo "1914"]
[BlackElo "2137"]
[PlyCount "32"]
[EventDate "2011.??.??"]
[WhiteTeam "SK Gau-Algesheim"]
[BlackTeam "SV SF Darmstadt 1994"]

1. e4 c6 2. d4 d5 3. exd5 cxd5 4. Bd3 Nf6 5. c3 Nc6 6. Bf4 Bg4 7. Qb3 Qd7 8. h3
Bh5 9. Nd2 Bg6 10. Qc2 e6 11. Ngf3 Bxd3 12. Qxd3 Rc8 13. Ne5 Nxe5 14. dxe5 Ng8
15. Be3 a6 16. O-O Ne7 1/2-1/2

[Event "23.Schlosspark-Open"]
[Site "Wiesbaden"]
[Date "2011.08.28"]
[Round "7.37"]
[White "Preiß, Vincent"]
[Black "Kaspereit, Holger"]
[Result "1-0"]
[WhiteElo "1869"]
[BlackElo "2124"]
[PlyCount "125"]
[EventDate "2011.??.??"]
[WhiteTeam "SV Saarbrücken 1970"]
[BlackTeam "SK Ebringen"]

1. e4 d5 2. exd5 Qxd5 3. Nc3 Qd6 4. g3 Nf6 5. Bg2 a6 6. d4 Nc6 7. Bf4 Qb4 8.
Nge2 Bg4 9. Qd3 Bxe2 10. Bxc6+ bxc6 11. Kxe2 Qa5 12. Rhe1 e6 13. Qf3 Nd5 14.
Nxd5 Qb5+ 15. Qd3 cxd5 16. b3 Bb4 17. Bd2 Bxd2 18. Kxd2 Qa5+ 19. c3 Rb8 20. Kc2
c5 21. Re5 c4 22. Qxc4 O-O 23. Qa4 Qb6 24. Rae1 Rfc8 25. R1e3 Rc6 26. Rd3 Rbc8
27. f4 f6 28. Re2 Qc7 29. Ree3 g5 30. fxg5 fxg5 31. h3 h5 32. Kd2 g4 33. hxg4
hxg4 34. b4 Qg7 35. Qd1 Rf8 36. Qe2 Qg6 37. Re5 Rf6 38. Qe3 Kf7 39. Rg5 Qe4 40.
Qxe4 dxe4 41. Re3 Rf2+ 42. Re2 Rf3 43. Rxg4 Rd3+ 44. Ke1 e3 45. Re4 Rcxc3 46.
Kf1 Rc4 47. R2xe3 Rxe3 48. Rxe3 Rxb4 49. Ra3 Rxd4 50. Rxa6 Rd2 51. a4 Ra2 52.
Ra8 Kf6 53. a5 Kf5 54. a6 Ke4 55. a7 Ke3 56. Kg1 e5 57. g4 e4 58. g5 Ra5 59. g6
Ke2 60. Kh2 Rh5+ 61. Kg3 Rg5+ 62. Kf4 Rxg6 63. Rf8 1-0

[Event "23.Schlosspark-Open"]
[Site "Wiesbaden"]
[Date "2011.08.28"]
[Round "7.38"]
[White "Kolker, Vladislav"]
[Black "Lanz, Udo"]
[Result "1/2-1/2"]
[WhiteElo "2086"]
[BlackElo "1845"]
[PlyCount "30"]
[EventDate "2011.??.??"]
[WhiteTeam "Sfr.1891 Friedberg"]
[BlackTeam "SC Eberbach"]

1. e4 c5 2. Nf3 Nc6 3. d4 cxd4 4. Nxd4 Nf6 5. Nc3 g6 6. Be3 Bg7 7. Bc4 Qa5 8.
O-O O-O 9. h3 a6 10. a3 b5 11. Nxc6 dxc6 12. Bd3 Be6 13. Qe1 Qc7 14. Ne2 Nd7
15. c3 Ne5 1/2-1/2

[Event "23.Schlosspark-Open"]
[Site "Wiesbaden"]
[Date "2011.08.28"]
[Round "7.39"]
[White "Stang, Wolfgang"]
[Black "Hehn, Hartmut"]
[Result "0-1"]
[WhiteElo "1834"]
[BlackElo "2080"]
[PlyCount "50"]
[EventDate "2011.??.??"]
[WhiteTeam "PSV Dorfen"]
[BlackTeam "SV Ebersbach"]

1. d4 Nf6 2. c4 c5 3. d5 e5 4. Nc3 d6 5. e4 Nbd7 6. Bd3 Be7 7. Nge2 O-O 8. Ng3
Ne8 9. Nf5 Bg5 10. Qf3 Bxc1 11. Rxc1 g6 12. Ne3 Ndf6 13. g4 a6 14. a3 Bd7 15.
Ne2 b5 16. Ng3 Ng7 17. Rg1 Rb8 18. b4 bxc4 19. Nxc4 Bxg4 20. Qe3 cxb4 21. axb4
Rxb4 22. Qa7 Bc8 23. Nf1 Ngh5 24. Nfd2 Nf4 25. Bf1 N6h5 0-1

[Event "23.Schlosspark-Open"]
[Site "Wiesbaden"]
[Date "2011.08.28"]
[Round "7.41"]
[White "Will, Dominik"]
[Black "Jordake, Michael"]
[Result "1-0"]
[WhiteElo "2040"]
[BlackElo "1732"]
[PlyCount "81"]
[EventDate "2011.??.??"]
[WhiteTeam "SC Bad Nauheim"]
[BlackTeam "SC Bergen-Enkheim 1922"]

1. e4 e5 2. Nf3 Nc6 3. Bb5 a6 4. Ba4 Nf6 5. O-O d6 6. c3 b5 7. Bb3 Be7 8. h3
O-O 9. d4 exd4 10. cxd4 Bb7 11. Re1 Na5 12. Bc2 Re8 13. Nbd2 Bf8 14. b3 Nc6 15.
Bb2 Ne7 16. a4 Ng6 17. d5 Rb8 18. Nd4 bxa4 19. Rxa4 Nd7 20. b4 Nge5 21. f4 Ng6
22. Rf1 Nb6 23. Ra3 Qh4 24. Nf5 Qd8 25. Qa1 f6 26. Nd4 Ra8 27. Bd3 Qc8 28. N2b3
c5 29. dxc6 Bxc6 30. Rc1 Nxf4 31. Bxa6 Qd7 32. Rxc6 Rxa6 33. Rxa6 Ne2+ 34. Kh2
Nxd4 35. Nxd4 Nc8 36. Qa2+ Kh8 37. Qc4 Ne7 38. Rc7 Qd8 39. Ne6 Qb8 40. Nxf8
Rxf8 41. Rxe7 1-0

[Event "23.Schlosspark-Open"]
[Site "Wiesbaden"]
[Date "2011.08.28"]
[Round "7.42"]
[White "Krzesinski, Paul"]
[Black "Wang, Julia"]
[Result "1-0"]
[WhiteElo "1832"]
[BlackElo "1719"]
[PlyCount "57"]
[EventDate "2011.??.??"]
[WhiteTeam "Frankfurter TV 1860"]
[BlackTeam "Heilbronner SV"]

1. e4 c6 2. d4 d5 3. Nc3 dxe4 4. Nxe4 Bf5 5. Ng3 Bg6 6. Nf3 Nd7 7. h4 h6 8. h5
Bh7 9. Bd3 Bxd3 10. Qxd3 e6 11. Bf4 Ngf6 12. O-O-O Be7 13. Be5 Qb6 14. Ne4 Nxe4
15. Qxe4 Nf6 16. Qf4 Nd5 17. Qg3 Bf6 18. c4 Ne7 19. Bxf6 gxf6 20. Qg7 O-O-O 21.
Qxf6 Qb4 22. Ne5 Nf5 23. Rd3 Nxd4 24. Rxd4 Rxd4 25. Qxh8+ Rd8 26. Qxh6 Qc5 27.
Qe3 Qb4 28. a3 Qa4 29. h6 1-0

[Event "23.Schlosspark-Open"]
[Site "Wiesbaden"]
[Date "2011.08.28"]
[Round "7.43"]
[White "Spelleken, Hans-Gerd"]
[Black "Supplieth, Peter"]
[Result "0-1"]
[WhiteElo "1714"]
[BlackElo "2028"]
[PlyCount "134"]
[EventDate "2011.??.??"]
[WhiteTeam "SC Alzenau"]
[BlackTeam "SC Kevelaer 1948 e.V."]

1. d4 d5 2. Nf3 Nf6 3. e3 g6 4. c4 c6 5. Nbd2 Bg7 6. Bd3 O-O 7. O-O Nbd7 8. Re1
Re8 9. Nf1 e5 10. dxe5 Nxe5 11. Nxe5 Rxe5 12. Bd2 Ne4 13. cxd5 Nxd2 14. Qxd2
Rxd5 15. Rad1 Bxb2 16. Qxb2 Rxd3 17. Rxd3 Qxd3 18. Re2 Be6 19. Rd2 Qa6 20. Ng3
Qb6 21. Qa1 Bd5 22. h4 h5 23. Kh2 Qc7 24. Qf6 Re8 25. Qd4 b5 26. Rc2 Qb8 27. f4
a5 28. Rf2 Be6 29. Ne4 Rd8 30. Nf6+ Kf8 31. Nh7+ Ke8 32. Qh8+ Kd7 33. Qc3 Kc7
34. Qxa5+ Qb6 35. Qa3 b4 36. Qc1 Ra8 37. Nf6 Rxa2 38. Rxa2 Bxa2 39. Qc2 Qxe3
40. g3 Qe6 41. Ne4 Qc4 42. Qg2 Qd5 43. Qe2 Bc4 44. Qe3 Qb5 45. Qa7+ Qb7 46.
Qa5+ Qb6 47. Qe5+ Kb7 48. Nd6+ Ka6 49. Qa1+ Qa5 50. Qxa5+ Kxa5 51. Nxc4+ Kb5
52. Nb2 b3 53. Kg2 Kb4 54. Kf3 Kc3 55. Na4+ Kb4 56. Nb2 f5 57. Ke3 Kc3 58. Na4+
Kc2 59. Kd4 b2 60. Nxb2 Kxb2 61. Kc5 Kc3 62. Kxc6 Kd4 63. Kd6 Ke4 64. Ke6 Kf3
65. Kf6 Kxg3 66. Kg5 Kf3 67. Kxg6 Kg4 0-1

[Event "23.Schlosspark-Open"]
[Site "Wiesbaden"]
[Date "2011.08.28"]
[Round "7.44"]
[White "Belz, Frank-M"]
[Black "Kuhnigk, Thomas"]
[Result "1-0"]
[WhiteElo "2025"]
[BlackElo "1701"]
[PlyCount "33"]
[EventDate "2011.??.??"]
[WhiteTeam "SK Freising"]
[BlackTeam "SC Taunusstein 1966"]

1. Nf3 d5 2. c4 d4 3. g3 c5 4. d3 Nc6 5. e3 Bg4 6. Bg2 Qd7 7. e4 e5 8. h3 Bxf3
9. Qxf3 Bd6 10. h4 Nge7 11. Bh3 Qc7 12. O-O h5 13. Bg5 Nd8 14. Na3 a6 15. Nc2
Ne6 16. Bd2 O-O-O 17. Qxf7 1-0

[Event "23.Schlosspark-Open"]
[Site "Wiesbaden"]
[Date "2011.08.28"]
[Round "7.45"]
[White "Reichenbächer, Thomas"]
[Black "Schünemann, Robert"]
[Result "1/2-1/2"]
[WhiteElo "1996"]
[BlackElo "1649"]
[PlyCount "57"]
[EventDate "2011.??.??"]
[WhiteTeam "SC Steißlingen"]
[BlackTeam "SV Saarbrücken 1970"]

1. d4 d5 2. g3 Nf6 3. Bg2 Bf5 4. c4 e6 5. Nf3 Nbd7 6. O-O Be7 7. Nc3 O-O 8. Qb3
dxc4 9. Qxb7 c5 10. Qa6 Nb6 11. Ne5 Rc8 12. dxc5 Bxc5 13. Nc6 Qe8 14. Qb5 Nbd7
15. Na4 Be4 16. Nxc5 Bxg2 17. Kxg2 Nxc5 18. Qxc5 Qxc6+ 19. Qxc6 Rxc6 20. Be3 a6
21. Rfd1 Nd5 22. Bd4 f6 23. e4 Nb4 24. Bc3 Nd3 25. b3 Rd8 26. b4 Kf7 27. Rdb1
Rb8 28. a3 Ke7 29. f4 1/2-1/2

[Event "23.Schlosspark-Open"]
[Site "Wiesbaden"]
[Date "2011.08.28"]
[Round "7.46"]
[White "Sprünken, Dirk"]
[Black "Kettner, Uwe"]
[Result "1/2-1/2"]
[WhiteElo "1821"]
[BlackElo "1993"]
[PlyCount "48"]
[EventDate "2011.??.??"]
[WhiteTeam "SK Freising"]
[BlackTeam "SAbt TuS Dotzheim"]

1. Nf3 Nf6 2. c4 g6 3. b4 d6 4. g3 e5 5. d3 Bg7 6. Bg5 h6 7. Bxf6 Bxf6 8. e4 a5
9. b5 Nd7 10. Bg2 Nc5 11. Nc3 c6 12. O-O O-O 13. Qc2 Bd7 14. Rab1 Bg7 15. Nh4
Bf6 16. Nf3 Qc8 17. Rfe1 Bg7 18. Nh4 Bf6 19. Nf3 Bg7 20. Nh4 Ne6 21. bxc6 bxc6
22. Ne2 Bf6 23. Nf3 Bg7 24. Nh4 Bf6 1/2-1/2

[Event "23.Schlosspark-Open"]
[Site "Wiesbaden"]
[Date "2011.08.28"]
[Round "7.47"]
[White "Partzsch, Lukas"]
[Black "Wöhl, Torsten"]
[Result "1-0"]
[WhiteElo "2034"]
[BlackElo "1271"]
[PlyCount "87"]
[EventDate "2011.??.??"]
[WhiteTeam "SC Matt im Park Ffm"]
[BlackTeam "SC Groß-Zimmern"]

1. d4 d5 2. c4 c6 3. Nf3 Nf6 4. Nc3 g6 5. e3 Bg7 6. Bd3 Na6 7. Qe2 Nb4 8. Bb1
Bg4 9. a3 Na6 10. Ba2 Nc7 11. O-O Qd7 12. h3 Bf5 13. Ne5 Qe6 14. g4 Be4 15. f3
h5 16. fxe4 hxg4 17. hxg4 Nxe4 18. cxd5 Nxc3 19. bxc3 cxd5 20. Nd3 Qe4 21. Nf2
Qe6 22. e4 a6 23. Qf3 Qd6 24. Bf4 e5 25. Bg3 O-O-O 26. exd5 Nxd5 27. Qxf7 Rd7
28. Qxd5 Qxd5 29. Bxd5 Rxd5 30. dxe5 Bxe5 31. Bxe5 Rxe5 32. Rfe1 Rc5 33. Ne4
Rc6 34. Kg2 Rd8 35. Rad1 Rxd1 36. Rxd1 Kc7 37. a4 Rc4 38. Rd4 Rc6 39. Kf3 b5
40. axb5 axb5 41. g5 Ra6 42. Kf4 Re6 43. Rd5 Rb6 44. Ke5 1-0

[Event "23.Schlosspark-Open"]
[Site "Wiesbaden"]
[Date "2011.08.28"]
[Round "7.48"]
[White "Klebs, Sebastian"]
[Black "Schmitt, Hans Walter"]
[Result "1/2-1/2"]
[WhiteElo "1738"]
[BlackElo "2130"]
[PlyCount "54"]
[EventDate "2011.??.??"]
[WhiteTeam "vereinslos"]
[BlackTeam "Chess Tigers SFV"]

1. e4 d5 2. exd5 Nf6 3. Nc3 Nxd5 4. Bc4 c6 5. Qf3 e6 6. Nge2 Bd6 7. d4 Bb4 8.
O-O Nxc3 9. bxc3 Be7 10. Bf4 Bd7 11. Qg3 Kf8 12. Bc7 Qc8 13. Be5 Bf6 14. Bd6+
Kg8 15. Nf4 h5 16. Qf3 h4 17. Nh5 Qd8 18. Nxf6+ Qxf6 19. Qe3 Rh5 20. Be5 Qg6
21. Bd3 f5 22. f4 c5 23. Be2 Bc6 24. Bf3 Rh6 25. Rab1 Nd7 26. Bxc6 bxc6 27. Rb7
Nf6 1/2-1/2

[Event "23.Schlosspark-Open"]
[Site "Wiesbaden"]
[Date "2011.08.28"]
[Round "7.49"]
[White "Bykov, Vyacheslav"]
[Black "Schmidt, Volker"]
[Result "0-1"]
[WhiteElo "1614"]
[BlackElo "2013"]
[PlyCount "134"]
[EventDate "2011.??.??"]
[WhiteTeam "Wiesbadener SV 1885"]
[BlackTeam "SAbt TuS Dotzheim"]

1. d4 Nf6 2. c4 g6 3. Nc3 d5 4. cxd5 Nxd5 5. e4 Nxc3 6. bxc3 Bg7 7. Nf3 O-O 8.
Rb1 c5 9. Be2 Nc6 10. d5 Bxc3+ 11. Bd2 Bxd2+ 12. Qxd2 Na5 13. h4 f6 14. h5 gxh5
15. Rxh5 Rf7 16. g3 b6 17. Kf1 Rg7 18. Kg2 Bg4 19. Rh2 Bxf3+ 20. Bxf3 Nc4 21.
Qc2 Ne5 22. Be2 Ng6 23. Bg4 Qd6 24. Be6+ Kf8 25. Bf5 Rd8 26. Rbh1 e6 27. dxe6
Nf4+ 28. Kf3 Nxe6 29. Bxe6 Qxe6 30. Rxh7 Qg4+ 31. Kg2 Rd4 32. R7h4 Qe6 33. Rf4
Ke7 34. Rh6 Rf7 35. Qb1 Rd2 36. a4 Qc4 37. Kh2 Qd4 38. Qe1 Rd1 39. Qe2 Rd2 40.
Qf3 Rd3 41. Qg4 Rd2 42. Kg2 Qd7 43. Qh4 Qe6 44. Rf3 Rd4 45. Rf4 c4 46. Rh7 c3
47. Rxf7+ Qxf7 48. Qh1 c2 49. Qc1 Qc4 50. Rh4 Rd1 51. Rh7+ Ke6 52. Qf4 c1=Q 53.
Qf5+ Kd6 54. Qd7+ Kc5 55. Qe7+ Kd4 56. Qxf6+ Kd3 57. Rh4 Rg1+ 58. Kf3 Qd1+ 59.
Kf4 Qxe4+ 60. Kg5 Qd2+ 61. Rf4 Qd5+ 62. Kg6 Qg8+ 63. Kf5 Qa5+ 64. Qe5 Qf7+ 65.
Kg4 Qg6+ 66. Kf3 Qxe5 67. Rd4+ Qxd4 0-1

[Event "23.Schlosspark-Open"]
[Site "Wiesbaden"]
[Date "2011.08.28"]
[Round "7.50"]
[White "Spinnler, Wolfgang"]
[Black "Kannenberg, Carl-Fr"]
[Result "1/2-1/2"]
[WhiteElo "1729"]
[BlackElo "1947"]
[PlyCount "55"]
[EventDate "2011.??.??"]
[WhiteTeam "SC Landskrone"]
[BlackTeam "SAbt TuS Dotzheim"]

1. d4 d5 2. c4 e6 3. cxd5 exd5 4. Nf3 Be7 5. Nc3 c6 6. Bf4 Nf6 7. h3 O-O 8. e3
Re8 9. Bd3 h6 10. O-O Bd6 11. Bxd6 Qxd6 12. a3 Nbd7 13. b4 Ne4 14. Qc2 Nxc3 15.
Qxc3 Nf6 16. Qc2 Ne4 17. Ne5 Nf6 18. b5 cxb5 19. Bxb5 Rd8 20. Rfc1 a6 21. Bd3
Ne8 22. Qc5 Be6 23. Qxd6 Nxd6 24. Rc3 Rac8 25. Rac1 Rxc3 26. Rxc3 Rc8 27. Rxc8+
Bxc8 28. Kf1 1/2-1/2

[Event "23.Schlosspark-Open"]
[Site "Wiesbaden"]
[Date "2011.08.28"]
[Round "7.51"]
[White "Drewes, Thomas"]
[Black "Grötzinger, Waldemar"]
[Result "1-0"]
[WhiteElo "1944"]
[BlackElo "1592"]
[PlyCount "77"]
[EventDate "2011.??.??"]
[WhiteTeam "SV Würzburg von 1865"]
[BlackTeam "Sfr. Frankfurt 1921"]

1. d4 d6 2. c4 Nf6 3. g3 g6 4. Bg2 Bg7 5. Nf3 O-O 6. Nc3 c5 7. O-O Bf5 8. h3
Nc6 9. g4 Bd7 10. dxc5 dxc5 11. Be3 b6 12. Qd2 a6 13. Rad1 Qc7 14. g5 Rad8 15.
gxf6 exf6 16. Nd5 Qb8 17. Qc1 Be6 18. Bf4 Qb7 19. e3 Bxd5 20. Rxd5 Rxd5 21.
cxd5 Nb4 22. d6 Nxa2 23. Qc4 Nb4 24. Ne1 Qd7 25. Nc2 Nxc2 26. Qxc2 Rd8 27. Ra1
a5 28. Qb3 Qa7 29. Bc6 h5 30. Qd5 g5 31. Bh2 g4 32. hxg4 hxg4 33. d7 Bf8 34.
Ra4 Be7 35. Rxg4+ Kf8 36. Bf4 Rxd7 37. Bxd7 Qxd7 38. Qxd7 a4 39. Bh6# 1-0

[Event "23.Schlosspark-Open"]
[Site "Wiesbaden"]
[Date "2011.08.28"]
[Round "7.52"]
[White "Zimmer, Gerald"]
[Black "Giesau, Bernhard"]
[Result "1-0"]
[WhiteElo "1944"]
[BlackElo "1584"]
[PlyCount "63"]
[EventDate "2011.??.??"]
[WhiteTeam "SC Bergen-Enkheim 1922"]
[BlackTeam "SK Gau-Algesheim"]

1. d4 d5 2. c4 c6 3. Nc3 Nf6 4. cxd5 cxd5 5. Nf3 e6 6. Bg5 Be7 7. e3 O-O 8. Bd3
h6 9. Bh4 Nc6 10. Rc1 a6 11. a3 Re8 12. O-O Nh5 13. Bxe7 Qxe7 14. Ne5 Nxe5 15.
dxe5 g6 16. Na4 b5 17. Nc5 Bb7 18. Qg4 Kh7 19. Qxh5 Rac8 20. b4 Bc6 21. Qg4 Rg8
22. Qd4 Ra8 23. Nb3 Rgc8 24. Rc5 Bd7 25. Rfc1 Qe8 26. Na5 Qd8 27. Nb7 Qe7 28.
Rxc8 Rxc8 29. Rxc8 Bxc8 30. Nd6 Qc7 31. Qc5 Qxc5 32. bxc5 1-0

[Event "23.Schlosspark-Open"]
[Site "Wiesbaden"]
[Date "2011.08.28"]
[Round "7.54"]
[White "Launert, Martin"]
[Black "Neuhoff, Ulrich"]
[Result "1-0"]
[WhiteElo "1875"]
[BlackElo "1582"]
[PlyCount "67"]
[EventDate "2011.??.??"]
[WhiteTeam "Sfr.Erbach"]
[BlackTeam "SK Bad Homburg 1927"]

1. e4 e6 2. d4 d5 3. Nc3 Nf6 4. Bg5 Be7 5. e5 Nfd7 6. Bxe7 Qxe7 7. f4 a6 8. Nf3
c5 9. Qd2 Nc6 10. Ne2 b5 11. c3 O-O 12. Ng3 f6 13. Be2 cxd4 14. cxd4 fxe5 15.
fxe5 Nb6 16. b3 Bd7 17. O-O b4 18. Rac1 a5 19. Rc5 a4 20. Bb5 axb3 21. axb3
Rfc8 22. Bxc6 Rxc6 23. Qxb4 Rxc5 24. dxc5 Nc8 25. Rc1 Qe8 26. Qc3 Ne7 27. Qc2
h6 28. Ne2 Nc6 29. Qc3 Qb8 30. Qe3 Ra3 31. Ned4 Na5 32. c6 Nc4 33. Qf4 Bxc6 34.
bxc4 1-0

[Event "23.Schlosspark-Open"]
[Site "Wiesbaden"]
[Date "2011.08.28"]
[Round "7.55"]
[White "Dehning-Busse, Karsten"]
[Black "Maleski, Heinz"]
[Result "1/2-1/2"]
[WhiteElo "1828"]
[BlackElo "1506"]
[PlyCount "50"]
[EventDate "2011.??.??"]
[WhiteTeam "SF Lilienthal von 1971"]
[BlackTeam "SC Budenheim"]

1. d4 e6 2. e4 g6 3. Nf3 Bg7 4. c3 Ne7 5. Bd3 O-O 6. O-O d6 7. Be3 Nd7 8. Qd2
c5 9. Qe2 Nc6 10. dxc5 Nxc5 11. Bc2 Qe7 12. Bxc5 dxc5 13. Rd1 b6 14. Na3 a5 15.
Bd3 Ne5 16. Nxe5 Bxe5 17. Bb5 Rd8 18. Nc4 Bc7 19. Rxd8+ Qxd8 20. e5 Bb7 21. Rd1
Bd5 22. Ne3 Qg5 23. Nxd5 exd5 24. e6 Kf8 25. e7+ Qxe7 1/2-1/2

[Event "23.Schlosspark-Open"]
[Site "Wiesbaden"]
[Date "2011.08.28"]
[Round "7.56"]
[White "Bratmann, Marc"]
[Black "Schellen, Sven"]
[Result "1-0"]
[WhiteElo "1455"]
[BlackElo "1754"]
[PlyCount "135"]
[EventDate "2011.??.??"]
[WhiteTeam "SAbt TuS Dotzheim"]
[BlackTeam "Sfr. Frankfurt 1921"]

1. e4 e6 2. d4 d5 3. e5 c5 4. c3 Qb6 5. Nf3 Bd7 6. Bd3 Bb5 7. O-O Bxd3 8. Qxd3
Nc6 9. a3 a5 10. a4 Nge7 11. dxc5 Qc7 12. Qb5 Ng6 13. Re1 Be7 14. Qb6 Qxb6 15.
cxb6 Bc5 16. Be3 Bxe3 17. Rxe3 Ra6 18. Na3 Rxb6 19. Nb5 Kd7 20. Rd1 Ke7 21. Rd2
Rd8 22. g3 Nf8 23. Nfd4 Nd7 24. Nxc6+ bxc6 25. Nd4 Nc5 26. b4 axb4 27. cxb4 Ne4
28. Rc2 Kd7 29. Rb3 Rdb8 30. Rcb2 f6 31. exf6 gxf6 32. f3 Nd6 33. b5 c5 34. a5
cxd4 35. axb6 Rxb6 36. Rb4 Nc4 37. Ra2 Kd6 38. Ra6 Kc5 39. Rxb6 Nxb6 40. Rb1 e5
41. Kf2 Na4 42. Ke1 Kb6 43. Kd2 Nc3 44. Rb2 Nxb5 45. Kd3 f5 46. h3 h5 47. h4
e4+ 48. fxe4 fxe4+ 49. Kd2 Kc5 50. Ke1 Nc3 51. g4 hxg4 52. h5 e3 53. h6 d3 54.
h7 Ne4 55. h8=Q d2+ 56. Ke2 Ng3+ 57. Kd1 Ne4 58. Qc8+ Kd6 59. Rb6+ Ke5 60. Qe6+
Kf4 61. Rb4 Kf3 62. Qf5+ Kg3 63. Rxe4 dxe4 64. Qxe4 Kh3 65. Qh1+ Kg3 66. Ke2
Kf4 67. Qh2+ Ke4 68. Qg3 1-0

[Event "23.Schlosspark-Open"]
[Site "Wiesbaden"]
[Date "2011.08.28"]
[Round "7.57"]
[White "Puzzo, Peter"]
[Black "Traut, Stefan"]
[Result "1/2-1/2"]
[WhiteElo "1471"]
[BlackElo "1776"]
[PlyCount "81"]
[EventDate "2011.??.??"]
[WhiteTeam "Sfr. Frankfurt 1921"]
[BlackTeam "Sfr. Heusenstamm"]

1. d4 Nf6 2. c4 c5 3. Nf3 cxd4 4. Nxd4 g6 5. g3 Bg7 6. Bg2 O-O 7. O-O Nc6 8.
Nc2 d6 9. Nc3 Be6 10. Nd5 Bxd5 11. cxd5 Ne5 12. Bd2 Rc8 13. Bc3 Ned7 14. Bh3
Qc7 15. Ne3 Rfd8 16. Rc1 Qb8 17. f3 Rc7 18. Qa4 Rdc8 19. Qh4 Rd8 20. g4 Nb6 21.
Rfd1 Nc4 22. Ng2 Nb6 23. Nf4 Na4 24. g5 Ne8 25. Bxg7 Nxg7 26. Nd3 Nc5 27. Qc4
Na6 28. Qb3 Nf5 29. Nf2 Nc5 30. Qa3 Na6 31. Ng4 Ng7 32. Nh6+ Kf8 33. Qe3 Nc5
34. Qf4 e5 35. dxe6 Ncxe6 36. Qb4 Rxc1 37. Rxc1 b5 38. Qb3 Qb6+ 39. Kf1 d5 40.
Qb4+ Ke8 41. Qd2 1/2-1/2

[Event "23.Schlosspark-Open"]
[Site "Wiesbaden"]
[Date "2011.08.28"]
[Round "7.58"]
[White "Meisegeier, Thomas"]
[Black "Lorenz, Hermann"]
[Result "1-0"]
[WhiteElo "1752"]
[BlackElo "1580"]
[PlyCount "77"]
[EventDate "2011.??.??"]
[WhiteTeam "SC Frankfurt-West"]
[BlackTeam "Sfr.Mainz 1928"]

1. d4 Nf6 2. Nf3 g6 3. Bf4 Bg7 4. c3 O-O 5. e3 d6 6. Be2 Nbd7 7. O-O Nh5 8. Bg3
Nxg3 9. hxg3 b6 10. Nbd2 Bb7 11. Nh4 c5 12. Bf3 d5 13. Rc1 e6 14. Be2 c4 15. b3
b5 16. b4 Bc6 17. f4 f5 18. Nhf3 Qc7 19. Kf2 h6 20. Ne5 Nxe5 21. dxe5 Kf7 22.
Nf3 a5 23. a3 axb4 24. axb4 Ra3 25. Nd4 Rfa8 26. g4 Bd7 27. gxf5 exf5 28. Bf3
Qb7 29. Kg1 Qb8 30. Qd2 h5 31. Nc2 Ke7 32. Nxa3 Rxa3 33. Qxd5 Qb6 34. Qd4 Qc7
35. Ra1 Ra4 36. Rxa4 bxa4 37. Ra1 Bb5 38. Bd1 Qc6 39. Qc5+ 1-0